Les plus grands lacs naturels de France - Statistiques

Statistiques générales
  • Ce quiz a été pris 439 fois
  • Le résultat moyen est 4 sur 14
Statistiques - réponses
Superficie étendue d'eau naturelle (Lac ou étang) % Correct
578,3 km² Lac Léman
90%
26,4 km² Lac d'Annecy
76%
44 km² Lac du Bourget
57%
155 km² Étang de Berre
29%
75 km² Étang de Thau
26%
32,1 km² Étang de Biscarosse et de Parentis
12%
54,2 km² Lac de Grand-Lieu
12%
54,8 km² Étang de Leucate
10%
31,4 km² Étang de Mauguio
10%
58,3 km² Lac d'Houtin et de Carcans
10%
55,6 km² Étang de Cazaux et de Sanguinet
7%
63,3 km² Étang de Vaccarès
7%
47,2 km² Brière
4%
37 km² Étang de Bages-Sigean
4%
Aucun quiz correspondant
Distribution des résultats
% des personnes avec chaque résultat
Percentile par nombre de réponses
Votre historique - résultats
Vous n’avez pas pris ce quiz